উত্তরাধুনিক চিন্তাধারা : দ্বন্দ-সংঘর্ষ / (Record no. 2418)
[ view plain ]
| 000 -LEADER | |
|---|---|
| fixed length control field | 00759nam a2200229 a 4500 |
| 001 - CONTROL NUMBER | |
| JCCL Control Number | 2418 |
| 003 - CONTROL NUMBER IDENTIFIER | |
| JCCL marc code | BD-JhCC |
| 005 - DATE AND TIME OF LATEST TRANSACTION | |
| control field | 20171105174428.0 |
| 008 - FIXED-LENGTH DATA ELEMENTS--GENERAL INFORMATION | |
| fixed length control field | 171102s2009 bg |||| ||a| 000 0 ben d |
| 020 ## - INTERNATIONAL STANDARD BOOK NUMBER | |
| International Standard Book Number | 9847015601188 |
| 035 ## - SYSTEM CONTROL NUMBER | |
| system control number | (BD-JhCC)2418 |
| 040 ## - CATALOGING SOURCE | |
| Original cataloging agency | BD-JhCC |
| Modifying agency | BD-JhCC |
| 041 ## - LANGUAGE CODE | |
| Language code of Book | ben |
| 082 ## - DEWEY DECIMAL CLASSIFICATION NUMBER | |
| Classification number | 891.4409 |
| Author mark and Year | UTT 2009 |
| 245 ## - TITLE STATEMENT | |
| Title | উত্তরাধুনিক চিন্তাধারা : দ্বন্দ-সংঘর্ষ / |
| Statement of responsibility, etc | রতনতনু ঘোষ, সম্পাদিত |
| 260 ## - PUBLICATION, DISTRIBUTION, ETC. (IMPRINT) | |
| Place of publication, distribution, etc | ঢাকা : |
| Name of publisher, distributor, etc | মাওলা ব্রাদার্স, |
| Date of publication, distribution, etc | 2009 |
| 300 ## - PHYSICAL DESCRIPTION | |
| Pagination | 160 p. : |
| Dimensions | 22 cm. |
| 650 ## - SUBJECT ADDED ENTRY--TOPICAL TERM | |
| Topical term or geographic name as entry element | Post Modernism |
| General subdivision | Bengali Literaure |
| 700 ## - ADDED ENTRY--PERSONAL NAME | |
| Personal name | ঘোষ, রতনতনু |
| 942 ## - ADDED ENTRY ELEMENTS (KOHA) | |
| Source of classification or shelving scheme | Dewey Decimal Classification |
| Koha item type | Books |
| Source of classification or shelving scheme | Damaged status | Not for loan | Home library | Current library | Shelving location | Date of accession | Cost, normal purchase price | Total Checkouts | Full call number | Barcode | Date last seen | Copy number | Koha item type |
|---|---|---|---|---|---|---|---|---|---|---|---|---|---|
| Dewey Decimal Classification | JCC Rouf Library | JCC Rouf Library | General Stacks | 11/02/2017 | 200.00 | 891.4409 UTT 2009 | 3629 | 11/02/2017 | C-1 | Books |